000 00507nam a2200181Ia 4500
003 OSt
005 20201007124657.0
008 190216s9999||||xx |||||||||||||| ||und||
020 _a9788180541490
040 _coclc
082 _a004
_bKAP/C
100 _aKapoor, V K
_93997
245 0 _aComputers And Information Technology /
_cV K Kapoor
260 _bSulthan Chand&Sons,
_c2004.
_aNew Delhi:
300 _a700p
650 _aCommerce
942 _cBK
_2ddc
_h004
_iKAP/C
_k004
_mKAP/C
999 _c8815
_d8815